Bâtiments - Statistiques

Statistiques générales
  • Ce quiz a été pris 9 fois
    6 depuis la dernière actualisation
  • Le résultat moyen est 16 sur 20
Statistiques - réponses
Hint Réponse % Correct
Se soigner curarse
100%
S'amuser divertirse
100%
Avoir mal, faire mal doler
100%
Le logement el alojamiento
100%
Le cinéma el cine
100%
Le marché el mercado
100%
Le port el puerto
100%
Le supermarché el supermercado
100%
Le théâtre el teatro
100%
La prison la carcel
100%
La boucherie la carniceria
100%
La maison la casa
100%
La pharmacie la farmacia
100%
La boulangerie la panaderia
100%
Le salon de coiffure la peluqueria
100%
La poissonerie la pescaderia
100%
La piscine la piscina
100%
Le magasin la tienda, el comercio
100%
Le magasin de chaussures la zapateria
100%
Se loger alojarse
50%
La Poste (la oficina de) correos
50%
Le médecin el médico
50%
La station ferroviaire la estacion de ferrocarril
50%
L'office de tourisme la oficina de turismo
50%
La pâtisserie la pasteleria
50%
Le magasin de vêtements la tienda de ropa
50%
L'aéroport el aeropuerto
0%
Le maire el alcalde
0%
Le dentiste el dentista
0%
Le bâtiment el edificio
0%
Le musée el museo
0%
Le restaurant el restaurante
0%
Le fast-food el restaurante de comida rapida
0%
La mairie la alcaldia
0%
Le commisariat La comisaria
0%
Aucun quiz correspondant
Distribution des résultats
% des personnes avec chaque résultat
Percentile par nombre de réponses
Votre historique - résultats
Vous n’avez pas pris ce quiz depuis la dernière actualisation